|
LDR
| 03193cam a2200757 i 4500 |
|---|
| 001 | 52343 |
|---|
| 003 | CZ-PrJAB |
|---|
| 005 | 20150820091106.0 |
|---|
| 007 | ta |
|---|
| 008 | 150605s2015 xr e 000 0acze d |
|---|
| 015 | | . |
‡acnb002704311 |
|---|
| 020 | | . |
‡a978-80-204-3625-2
‡q(vázáno) |
|---|
| 035 | | . |
‡a(CZ PrNK)nkc20152704311 |
|---|
| 035 | | . |
‡a(OCoLC)920662420 |
|---|
| 040 | | . |
‡aKLG001
‡bcze
‡dBOA001
‡erda |
|---|
| 043 | | . |
‡ae-xr---
‡ae-cs--- |
|---|
| 045 | | . |
‡ax1y1 |
|---|
| 072 | | 7. |
‡a323
‡xVnitropolitický vývoj, politický život
‡2Konspekt
‡915 |
|---|
| 072 | | 7. |
‡a929
‡xBiografie
‡2Konspekt
‡98 |
|---|
| 080 | | . |
‡a821.162.3-055.2
‡2MRF |
|---|
| 080 | | . |
‡a81'25-055.2
‡2MRF |
|---|
| 080 | | . |
‡a929
‡2MRF |
|---|
| 080 | | . |
‡a323.28:329.19
‡2MRF |
|---|
| 080 | | . |
‡a323.28:329.17
‡2MRF |
|---|
| 080 | | . |
‡a94(100)"1939/1945"
‡2MRF |
|---|
| 080 | | . |
‡a323.28
‡2MRF |
|---|
| 080 | | . |
‡a323.28:329.15
‡2MRF |
|---|
| 080 | | . |
‡a316.728
‡2MRF |
|---|
| 080 | | . |
‡a(437.3)
‡2MRF |
|---|
| 080 | | . |
‡a(437)
‡2MRF |
|---|
| 080 | | . |
‡a(0:82-94)
‡2MRF |
|---|
| 100 | 1 | . |
‡aKovályová, Heda,
‡d1919-2010
‡7jk01062415
‡4aut |
|---|
| 245 | 1 | 0. |
‡aHitler, Stalin... a já :
‡bústní historie 20. století : rozhovor Hedy Margoliové-Kovályové, autorky knihy Na vlastní kůži (1973), a filmové dokumentaristky Heleny Třeštíkové v Hedině bytě v Soukenické ulici v Praze, 28.-31. srpna 2000 /
‡cHeda Margoliová-Kovályová, Helena Třeštíková ; k vydání připravil Ivan Margolius |
|---|
| 246 | 3 | 0. |
‡aÚstní historie 20. století |
|---|
| 246 | 1 | 8. |
‡aHitler, Stalin a já |
|---|
| 250 | | . |
‡aPrvní vydání |
|---|
| 264 | | 1. |
‡aPraha :
‡bMladá fronta,
‡c2015 |
|---|
| 300 | | . |
‡a224 stran ;
‡c21 cm |
|---|
| 336 | | . |
‡atext
‡btxt
‡2rdacontent |
|---|
| 337 | | . |
‡abez média
‡bn
‡2rdamedia |
|---|
| 338 | | . |
‡asvazek
‡bnc
‡2rdacarrier |
|---|
| 600 | 1 | 7. |
‡aKovályová, Heda,
‡d1919-2010
‡7jk01062415
‡2czenas |
|---|
| 648 | | 7. |
‡a20.-21. století
‡7ch462155
‡2czenas |
|---|
| 648 | | 4. |
‡a1919-2010 |
|---|
| 650 | 0 | 7. |
‡ačeské spisovatelky
‡7ph128153
‡y20.-21. století
‡2czenas |
|---|
| 650 | 0 | 7. |
‡apřekladatelky
‡7ph228421
‡zČesko
‡y20.-21. století
‡2czenas |
|---|
| 650 | 0 | 7. |
‡anacistická perzekuce
‡7ph761285
‡zČeskoslovensko
‡y1939-1945
‡2czenas |
|---|
| 650 | 0 | 7. |
‡azločiny nacismu
‡7ph120356
‡2czenas |
|---|
| 650 | 0 | 7. |
‡adruhá světová válka (1939-1945)
‡7ph117270
‡2czenas |
|---|
| 650 | 0 | 7. |
‡apolitická perzekuce
‡7ph124236
‡zČeskoslovensko
‡y1948-1968
‡2czenas |
|---|
| 650 | 0 | 7. |
‡azločiny komunismu
‡7ph139150
‡zČeskoslovensko
‡y1948-1968
‡2czenas |
|---|
| 650 | 0 | 7. |
‡akaždodenní život
‡7ph121555
‡zČeskoslovensko
‡2czenas |
|---|
| 650 | 0 | 9. |
‡aCzech women authors
‡y20th-21st centuries
‡2eczenas |
|---|
| 650 | 0 | 9. |
‡awomen translators
‡zCzechia
‡y20th-21st centuries
‡2eczenas |
|---|
| 650 | 0 | 9. |
‡aNazi persecution
‡zCzechoslovakia
‡y1939-1945
‡2eczenas |
|---|
| 650 | 0 | 9. |
‡acrimes of Nazism
‡2eczenas |
|---|
| 650 | 0 | 9. |
‡aWorld War (1939-1945)
‡2eczenas |
|---|
| 650 | 0 | 9. |
‡apolitical persecution
‡zCzechoslovakia
‡y1948-1968
‡2eczenas |
|---|
| 650 | 0 | 9. |
‡acrimes of communism
‡zCzechoslovakia
‡y1948-1968
‡2eczenas |
|---|
| 650 | 0 | 9. |
‡aeveryday life
‡zCzechoslovakia
‡2eczenas |
|---|
| 655 | | 7. |
‡aautobiografické vzpomínky
‡7fd131854
‡2czenas |
|---|
| 655 | | 9. |
‡aautobiographical reminiscences
‡2eczenas |
|---|
| 700 | 1 | . |
‡aTřeštíková, Helena,
‡d1949-
‡7jn20000402438
‡4aut |
|---|
| 700 | 1 | . |
‡aMargolius, Ivan,
‡d1947-
‡7jx20060117067
‡4edt |
|---|
| 910 | | . |
‡aABE461 |
|---|
| 995 | | . |
‡aska |
|---|
| 901 | | . |
‡a52343
‡bAUTOGEN
‡c52343
‡tbiblio |
|---|